Ordinal algebras

保存先:
書誌詳細
第一著者: Tarski, Alfred (著者)
フォーマット: 図書
言語:英語
出版事項: Amsterdam North-Holland Pub. Co 1956
主題:
タグ: タグ追加
タグなし, このレコードへの初めてのタグを付けませんか!

MARC

LEADER 00000nam a2200000 a 4500
001 UCW1237
003 CL-VaPUC
008 911216e19560000NE |||||||||||||||||eng|d
082 0 4 |a 511.3  |b TAR  |2 21 
100 0 |a Tarski, Alfred  |e author  |9 305148 
245 1 0 |a Ordinal algebras 
300 |a 133 p 
942 |c BK 
945 |d 19911216 00:00:00 
260 |a Amsterdam  |b North-Holland Pub. Co  |c 1956 
650 7 |a LOGICA ALGEBRAICA  |2 CL-VaPUC  |9 270591 
650 0 |a Aritmética   |x Fundamentos   |9 270643 
583 |a last modification  |c 19911216 00:00:00  |k Rodrigo Vera 
999 |c 216156  |d 216154 
952 |0 0  |1 0  |4 0  |6 511_300000000000000_TAR_1956  |7 0  |8 A  |9 201648  |a BIBMAT  |b BIBMAT  |d 2019-11-14  |i 2689006  |o 511.3 TAR 1956  |p 2689006  |r 2025-01-07  |w 2019-11-14  |y BK  |k MAT